000 00799nam a2200289Ia 4500
005 20260324111444.0
008 008 260324s9999 xx 000 0 eng d
020 _a9781003410133
037 _aEBOOK
040 _aCRL
040 _beng
040 _cCRL
041 _2eng
041 _aeng
084 _qCRL
100 _aTricia Vause; Nicole Neil; Brianna M. Anderson; Maurice A. Feldman
_91138460
245 0 _aI Believe in Me, Not OCB!
245 2 _bA Workbook for Addressing Obsessive-Compulsive Behavior in Autism with Functional Behavior-based CBT
260 _bTaylor and Francis
260 _c2025
365 _a
365 _b98.99
856 _uhttp://www.taylorfrancis.com/books/9781003410133
942 _cEBOOK
999 _c1727464
_d1727464